Most Populated English Counties - Statistics

General Stats
  • This quiz has been taken 35 times
  • The average score is 11 of 15
Answer Stats
Population County % Correct
8,788,110 Greater London
100%
2,868,387 Greater Manchester
90%
1,862,848 Essex
83%
1,858,646 Kent
83%
1,423,145 Merseyside
83%
2,916,132 West Midlands
83%
2,349,987 West Yorkshire
83%
1,531,911 Lancashire
77%
1,157,971 North Yorkshire
73%
1,374,182 South Yorkshire
73%
1,860,283 Hampshire
67%
1,205,616 Surrey
67%
1,145,823 Nottinghamshire
63%
1,200,620 Hertfordshire
57%
1,218,613 Devon
53%
No matching quizzes found
Score Distribution
Percent of People with Each Score
Percentile by Number Answered
Your Score History
You have not taken this quiz